Formula One Italian Grand Prix Quiz - Statistics

General Stats
  • This quiz has been taken 103 times
  • The average score is 10 of 15
Answer Stats
Question Answer % Correct
Which contructor has won the most Italian Grands Prix? Ferrari
100%
Name either driver to win the Italian Grand Prix 5 times. Michael Schumacher or Lewis Hamilton
94%
When was the Italian Grand Prix first raced as an F1 event? 1950
93%
And who won the race that year? Nino Farina
90%
In 1980, Monza, the usual host to the Italian Grand Prix went under renovations and was replaced by this track on the F1 calendar. Autodromo Enzo e Dino Ferrari
88%
This driver took their first of over 50 career wins at a rain soaked race in 2008. Sebastian Vettel
84%
When raced at Monza, the Italian Grand Prix has this many laps. 53
83%
This team has won the Italian GP the most consecutive times, 5 times, from 2014-2018 Mercedes
83%
In 2019, this driver took the win at Monza, ending their teams 9-year win drought at the Grand Prix Charles Leclerc
82%
And how many wins do they have? 20
76%
In the history of Formula One, three venues in Italy have hosted a race; Monza, the answer to question 7, and this street circuit. Pescara Circuit
45%
Since 2016, this company has been the title sponsor of the Italian Grand Prix Heineken
39%
The last Italian to win their home grand prix was this driver in 1966 Ludovico Scarfiotti
33%
Who won the closest F1 race ever, the 1971 Italian Grand Prix, with a gap of 0.61 seconds seperating the top 5 drivers? Peter Gethin
26%
This is the full name of Monza, where F1 has raced the Italian GP 69 times to date Autodromo Nazionale di Monza
20%
No matching quizzes found
Score Distribution
Percent of People with Each Score
Percentile by Number Answered
Your Score History
You have not taken this quiz